Sports Quiz

Random Sports or NFL Quiz

Superbowl musical performers (since 2000) Quiz Stats

 Plays Quiz not verified by Sporcle

Support Sporcle.
Go Orange.
Score 0/23 Timer 11:00
0 Plays Today
Superbowl Artists % Correct
Justin Timberlake
82.8%
XXXVIIIJanet Jackson
74.1%
XLVBlack Eyed Peas
63.8%
Britney Spears
58.6%
XXXVIU2
53.4%
XLIVThe Who
53.4%
XXXVAerosmith
44.8%
XLThe Rolling Stones
44.8%
XLIPrince
44.8%
Usher
43.1%
XXXIXPaul McCartney
39.7%
XLIIIBruce Springsteen and the E Street Band
39.7%
Superbowl Artists % Correct
XLIITom Petty and the Heartbreakers
37.9%
N'Sync
36.2%
Slash
22.4%
Nelly
20.7%
XXXIVPhil Collins
13.8%
XXXVIIShania Twain
12.1%
No Doubt
12.1%
Sting
12.1%
Enrique Iglesias
6.9%
R. Kelly
6.9%
Babyface
3.4%

You're not logged in!

Compare scores with friends on all Sporcle quizzes.
OR
Log In

From the Vault

3 Things: TV Edition

by TimtheImpaler

Did anyone actually ever use their 3-D TV?
Remove Ads.
Support Sporcle.
Get the best of Sporcle when you Go Orange. This ad-free experience offers more features, more stats, and more fun while also helping to support Sporcle. Thank you for becoming a member.

Show Comments

Extras

Created Feb 14, 2011ReportNominate
Tags:NFL Quiz, Super Bowl

Top Quizzes Today


Score Distribution

Your Account Isn't Verified!

In order to create a playlist on Sporcle, you need to verify the email address you used during registration. Go to your Sporcle Settings to finish the process.

Report this User

Report this user for behavior that violates our Community Guidelines.

Details: